| 000 | 01134cad a22002055a 4500 | ||
|---|---|---|---|
| 001 | L150510 | ||
| 008 | 100721s2010 xxk f 000 0 eng d | ||
| 035 | _a(Sirsi) u150510 | ||
| 041 | 0 | _aeng | |
| 100 | 1 | _aThornhill, John | |
| 245 | 0 | 0 |
_aAllocating social housing _bopportunities and challenges _h[electronic resource] |
| 260 |
_aLondon _bChartered Institute of Housing _c2010 |
||
| 505 | 2 | _aSummary of challenges and options -- What is social housing and what is if for -- What are the challenges to the way in which social housing is allocated -- How does social housing work in other countries -- Options rethinking allocations in a wider context -- Aspirations for approaches to allocations | |
| 520 | _aAllocation of social housing from the UK and global perspective. Defines social housing, identifies challenges to its provisions. Discussion document. | ||
| 590 | _aKA | ||
| 651 | 4 | _aENGLAND AND WALES | |
| 690 | _aPROPERTY-RESIDENTIAL PROPERTY-DOMESTIC RESIDENTIAL PROPERTY-HOUSING | ||
| 856 | 4 | 8 |
_uhttps://www.cih.org/policy/AllocatingSocialHousing-Jul10.pdf _zView this item free of charge at www.cih.org |
| 942 | _n0 | ||
| 999 |
_c110896 _d110896 |
||